Dalla lingua nazionale alle bandiere nazionali - Statistics

Statistiche generali
  • Questo quiz è stato fatto 62 volte
  • Il punteggio medio è 12 su 15
Statistiche sulle risposte
con Immagini Risposta % Corretto
Arabo
96%
Francese
96%
Inglese
96%
italiano
96%
Spagnolo
96%
Tedesco
96%
Cinese
95%
Giapponese
95%
Olandese
95%
Portoghese
95%
Russo
95%
Indiano
69%
Hindi
45%
Tagalog
15%
Turca
2%
Nessun quiz corrispondente trovato
Distribuzione punteggi
Percentuale di utenti per punteggio
Percentile per numero di risposta
I tuoi punteggi nel tempo
Non hai fatto questo quiz